[Event "Mumbai Wealth op U13 4th"]
[Site "Mumbai"]
[Date "2019.01.07"]
[Round "9"]
[White "Kadam, Laksh"]
[Black "Borate, Tanvi"]
[Result "1-0"]
[WhiteElo "1182"]
[BlackElo "1035"]
[PlyCount "157"]
[EventDate "2018.12.30"]
[EventType "swiss"]
[EventRounds "9"]
[EventCountry "IND"]
[SourceTitle "CBM 188 Extra"]
[Source "ChessBase"]
[SourceDate "2019.02.28"]
[SourceVersion "1"]
[SourceVersionDate "2019.02.28"]
[SourceQuality "1"]

1. e4 e5 2. Nf3 Nc6 3. Bc4 Bc5 4. 0-0 Nf6 5. d3 h6 6. c3 d6 7. Nbd2 0-0 8. Bb3 Be6 9. Bc2 Re8 10. Re1 Ng4 11. Rf1 f5 12. h3 Nf6 13. Re1 fxe4 14. Nxe4 Nxe4 15. dxe4 Rf8 16. Be3 Bb6 17. Qd2 Na5 18. b3 Qf6 19. Nh2 Nc6 20. Bd1 Ne7 21. Bxb6 axb6 22. c4 Ng6 23. Nf3 Nf4 24. Kh2 Bd7 25. Qe3 Qe6 26. Ng1 Qg6 27. Bf3 Rf7 28. Ne2 Raf8 29. Nxf4 Rxf4 30. Rh1 Bc6 31. Rae1 b5 32. Qe2 bxc4 33. Qxc4+ Kh8 34. Qe2 Bd7 35. Qe3 Ra8 36. Ra1 Raf8 37. Rab1 Bc6 38. Rhe1 Ra8 39. Rb2 Ra6 40. g3 Rf8 41. Bg4 Rfa8 42. Ree2 Qf7 43. Bf5 Bb5 44. Red2 Bc6 45. h4 Bd7 46. Bxd7 Qxd7 47. Qf3 Ra3 48. g4 Qe7 49. Kg3 Rf8 50. Qe2 Rf4 51. f3 Ra8 52. Qd3 Ra5 53. Rbc2 Rf8 54. a4 Ra6 55. Rc3 Qd7 56. Rdc2 Rc8 57. Qb5 Qxb5 58. axb5 Rb6 59. Rxc7 Rxc7 60. Rxc7 Rxb5 61. Rc3 Kg8 62. g5 hxg5 63. hxg5 Kh7 64. Kg4 Kg6 65. Rd3 Rb6 66. f4 exf4 67. Kxf4 Rc6 68. b4 b5 69. Rd5 Rb6 70. Kg4 Kf7 71. Kh5 Ke6 72. Kg6 Rb7 73. Kh7 Rc7 74. Rxb5 Rc4 75. Kxg7 Rxe4 76. g6 Rg4 77. Kh7 Kf6 78. Rb6 Rxg6 79. Rxd6+ 1-0

[Event "Mumbai Wealth op U13 4th"]
[Site "Mumbai"]
[Date "2019.01.04"]
[Round "6"]
[White "Jain, Hitansh"]
[Black "Kadam, Laksh"]
[Result "1/2-1/2"]
[WhiteElo "1008"]
[BlackElo "1182"]
[PlyCount "100"]
[EventDate "2018.12.30"]
[EventType "swiss"]
[EventRounds "9"]
[EventCountry "IND"]
[SourceTitle "CBM 188 Extra"]
[Source "ChessBase"]
[SourceDate "2019.02.28"]
[SourceVersion "1"]
[SourceVersionDate "2019.02.28"]
[SourceQuality "1"]

1. c4 e6 2. Nc3 d5 3. cxd5 exd5 4. d4 Nf6 5. Nf3 Bf5 6. Bg5 Bb4 7. Qb3 Bxc3+ 8. Qxc3 c6 9. e3 Qd6 10. Bxf6 Qxf6 11. Bd3 0-0 12. 0-0 Nd7 13. Qc2 Bxd3 14. Qxd3 h6 15. Rac1 Rfe8 16. Rc3 Qe6 17. Nd2 Nf6 18. Rb3 Rab8 19. Rc1 Ne4 20. Nxe4 dxe4 21. Qc2 f5 22. Qc4 Qxc4 23. Rxc4 Kf7 24. Rcb4 Re7 25. Rc3 Re6 26. Rcb3 b5 27. Rc4 Rb6 28. Rc5 Kf6 29. Ra3 Rb7 30. Rac3 Rb6 31. Ra3 Rb7 32. Rac3 Rb6 33. Ra3 a6 34. Rb3 g6 35. a4 Ke7 36. a5 Rb7 37. Kf1 Kd7 38. Ke2 Rd6 39. g3 Rd5 40. Rxd5+ cxd5 41. Rc3 Rc7 42. Rxc7+ Kxc7 43. b4 Kd6 44. f4 exf3+ 45. Kxf3 Ke6 46. h3 Kf6 47. Kf4 g5+ 48. Kf3 h5 49. h4 gxh4 50. gxh4 Kf7 1/2-1/2

[Event "Mumbai Wealth op U13 4th"]
[Site "Mumbai"]
[Date "2019.01.03"]
[Round "5"]
[White "Kadam, Laksh"]
[Black "Nehete, Arnav"]
[Result "0-1"]
[WhiteElo "1182"]
[BlackElo "1544"]
[PlyCount "68"]
[EventDate "2018.12.30"]
[EventType "swiss"]
[EventRounds "9"]
[EventCountry "IND"]
[SourceTitle "CBM 188 Extra"]
[Source "ChessBase"]
[SourceDate "2019.02.28"]
[SourceVersion "1"]
[SourceVersionDate "2019.02.28"]
[SourceQuality "1"]

1. e4 c6 2. d4 d5 3. e5 c5 4. c3 Nc6 5. f4 Bf5 6. Nf3 e6 7. g3 Bg4 8. Bg2 cxd4 9. cxd4 Rc8 10. Nc3 Qb6 11. Ne2 Nge7 12. 0-0 Nf5 13. Kh1 Bxf3 14. Bxf3 Nfxd4 15. Be3 Bc5 16. Rc1 Nb3 17. Bxc5 Nxc5 18. b3 0-0 19. h4 Ne7 20. g4 Ng6 21. Qe1 Nd3 22. Qg3 Nxc1 23. Nxc1 Qd8 24. g5 Ne7 25. Bg4 d4 26. Nd3 Qd5+ 27. Bf3 Nf5 28. Qh3 Qb5 29. Be4 Ne3 30. Rg1 Rc3 31. h5 g6 32. hxg6 hxg6 33. Qh6 Nf5 34. Rg2 Nxh6 0-1

[Event "Panchavati Resha op 3rd"]
[Site "Panchavati"]
[Date "2017.07.18"]
[Round "1"]
[White "Kadam, Laksh"]
[Black "Kanyamarala, Trisha"]
[Result "0-1"]
[WhiteElo "1030"]
[BlackElo "1953"]
[PlyCount "58"]
[EventDate "2017.07.18"]
[EventType "swiss"]
[EventRounds "10"]
[EventCountry "IND"]
[SourceTitle "EXT 2018"]
[Source "ChessBase"]
[SourceDate "2017.10.13"]
[SourceVersion "1"]
[SourceVersionDate "2017.10.13"]
[SourceQuality "1"]

1. e4 c5 2. Nc3 Nc6 3. f4 e6 4. Nf3 g6 5. Bc4 Bg7 6. 0-0 Nge7 7. d3 d5 8. Bb3 0-0 9. Qe1 Nd4 10. Qh4 a6 11. f5 exf5 12. Bh6 fxe4 13. Ng5 Nef5 14. Qf4 Bxh6 15. h4 f6 16. Bxd5+ Qxd5 17. Nxd5 Ne2+ 18. Kh2 Nxf4 19. Rxf4 fxg5 20. hxg5 Bxg5 21. Rxe4 Bd7 22. Rg4 Bf6 23. c3 Be5+ 24. Kg1 Nd6 25. Rh4 Bg3 26. Rh1 Rae8 27. c4 Re5 28. Nc7 Bf2+ 29. Kh2 Rh5# 0-1